Every Nike Air Jordan 1 Colorway in 2019 - Statistics

General Stats
  • This quiz has been taken 142 times
  • The average score is 3 of 20
Answer Stats
Release Date Answer % Correct
11/2/19 Fearless UNC Chicago
63%
8/31/19 UNC Obsidian
61%
2/14/19 WMNS Blue Chill UNC
52%
10/26/19 Shattered Backboard 3.0
29%
5/11/19 Travis Scott
27%
5/10/19 WMNS Panda
16%
8/17/19 WMNS Satin Black Toe
14%
10/22/19 WMNS Fearless
10%
2/15/19 Turbo Green
9%
6/29/19 Gym Red
6%
4/12/19 Crimson Tint
4%
3/30/19 Phantom
4%
5/25/19 SB LA to Chicago
3%
11/29/19 Bloodlines
2%
9/28/19 First Class Flight
2%
5/25/19 SB Light Bone / NYC to Paris
2%
12/7/19 Zoom R2T
2%
7/27/19 Defiant
1%
2/23/19 Defiant Couture
1%
1/24/19 Neutral Gray Hyper Crimson
1%
No matching quizzes found
Score Distribution
Percent of People with Each Score
Percentile by Number Answered
Your Score History
You have not taken this quiz